000 01013nam a2200205Ia 4500
999 _c39491
_d39491
001 6087
003 GE_BSU
005 20190924164642.0
008 181216s1936||||ge |||||||||||||| ||geo||
040 _cGE_BSU
041 _ageo
080 _a821.353.1-1 ა-85
100 _aარჩილი (ბაგრატიონი)
_94291
245 _aთხზულებათა სრული კრებული :
_bტომი პირველი არჩილიანი /
_cპ/მგ. რედ. გიორგი მიროტაძე, ალ. ბარამიძისა და ნ. ბერძენიშვილის რედ-ით.
264 _aტფილისი :
_bსაქართველოს მუზეუმი ;
_c1936.
300 _a303 გვ. ;
_c24 სმ.
653 _aთხზულებათა სრული კრებული
700 _aმიროტაძე, გიორგი
_eრედაქტორი
_94292
942 _cBK
_2udc